000 01239nam a22002897a 4500
003 OSt
005 20230207101617.0
008 230207b |||||||| |||| 00| 0 eng d
020 _a0534362982
035 _a(DLC) 98049806
040 _aDLC
_cKMU
_dDLC
050 0 0 _aQA303
_b.S882527 1999
100 1 _aStewart, James,
_d1941-
245 1 0 _aCalculus :
_bearly transcendentals /
_cJames Stewart.
250 _a4th ed.
260 _aPacific Grove :
_bBrooks/Cole,
_cc1999.
300 _axxi, 1151, 132 p. :
_bcol. ill. ;
_c26 cm. +
_e1 computer laser optical disc (4 3/4 in.)
500 _a"A Gary W. Ostedt book"--T.p. verso.
504 _aIncludes bibliographical references and index.
650 0 _aCalculus.
856 4 2 _3Contributor biographical information
_uhttp://www.loc.gov/catdir/enhancements/fy1515/98049806-b.html
856 4 2 _3Publisher description
_uhttp://www.loc.gov/catdir/enhancements/fy1515/98049806-d.html
856 4 1 _3Table of contents only
_uhttp://www.loc.gov/catdir/enhancements/fy1515/98049806-t.html
906 _a7
_bcbc
_corignew
_d1
_eocip
_f19
_gy-gencatlg
942 _2lcc
_cBK
_e4TH EDITION.
_n0
999 _c174
_d174